| 000 | 01069njm a22002777a 4500 | ||
|---|---|---|---|
| 005 | 2010090402252.0 | ||
| 006 | a|||||r|||||00| 0 | ||
| 007 | sd ammalaaahaa | ||
| 008 | 100904t xxu||||| |||| 00| 0 eng d | ||
| 028 |
_aN-52993 _bHis Master's Voice |
||
| 035 | _aGR-623 | ||
| 040 |
_aSED _cSED |
||
| 100 | _917690 | ||
| 245 |
_aKavi Kalidas / _csung by Manna Dey _h[Sound Recording] : |
||
| 246 | _aकवी कालिदास / | ||
| 260 |
_aDum Dum India _bHis Master's Voice |
||
| 300 |
_a1 sound disc (Gramophone Recording) _banalog 33 1/3 rpm _c9.5 in. (MP) _fGramophone Record |
||
| 500 | _aBrief Record | ||
| 505 | _aSide-1 ऋतू शंहार - १ (Ritu Shanhaar - 1) (Manna Dey) -- Side-2 ऋतू शंहार - २ (Ritu Shanhaar - 2) (Manna Dey) | ||
| 650 |
_aHindustani Classical Music _xExcerpts _zIndia _917691 |
||
| 700 |
_aDey, Manna _918221 |
||
| 700 |
_aTripathi, S.N. _918361 |
||
| 700 |
_aVyas, Bharat _918222 |
||
| 942 |
_2ddc _cGR |
||
| 999 |
_c43767 _d43767 |
||